Geography Quiz

Random Geography or World Quiz

Current Capitals by Former Capitals Quiz Stats

 Plays Quiz Updated Sep 29, 2013

Challenge
Share
Tweet
Embed
Score 0/30 Timer 07:00
1 Play Today
Former Capital(s) Current Capital % Correct
Rio de JaneiroBrasilia
92.2%
KyotoTokyo
90.8%
Saint PetersburgMoscow
90.2%
Calcutta (Kolkata)New Delhi
88%
Anyang, Chang'an (Xi'an), Hangzhou, Kaifeng, Luoyang, NanjingBeijing
87.4%
Istanbul (Constantinople)Ankara
86.2%
KrakowWarsaw
84.7%
Saigon (Ho Chi Minh City)Hanoi
79.1%
Memphis, ThebesCairo
73.2%
Karachi, RawalpindiIslamabad
72.1%
HebronJerusalem
60.9%
Susa, Persepolis, IsfahanTehran
58.9%
LagosAbuja
57.7%
Belize CityBelmopan
56.9%
Quezon City, BaguioManila
50.5%
Former Capital(s) Current Capital % Correct
Chiang Mai (Lanna), AyutthayaBangkok
49.1%
AlmatyAstana
46.4%
AdenSan'a'
45.1%
Dar es SalaamDodoma
41.6%
YangonNaypyidaw
33.1%
Anuradapura, Kandy, ColomboSri Jayawardenapura Kotte
33.1%
DiriyahRiyadh
30.7%
AbidjanYamoussoukro
27.5%
AxumAddis Ababa
23.5%
Spanish TownKingston
21%
ComayaguaTegucigalpa
14.9%
CetinjePodgorica
11.4%
Artaxata, AniYerevan
11.4%
PunakhaThimphu
11.2%
Madina do BoeBissau
6.8%

You're not logged in!

Compare scores with friends on all Sporcle quizzes.
Join for Free
OR
Log In

You Might Also Like...

Show Comments

Extras

Top Quizzes Today


Score Distribution

Your Account Isn't Verified!

In order to create a playlist on Sporcle, you need to verify the email address you used during registration. Go to your Sporcle Settings to finish the process.

Report this User

Report this user for behavior that violates our Community Guidelines.

Details: